<?xml version="1.0" encoding="UTF-8"?>
<record
    xmlns:xsi="http://www.w3.org/2001/XMLSchema-instance"
    xsi:schemaLocation="http://www.loc.gov/MARC21/slim http://www.loc.gov/standards/marcxml/schema/MARC21slim.xsd"
    xmlns="http://www.loc.gov/MARC21/slim">

  <leader>00970nam a2200241 a 4500</leader>
  <controlfield tag="001">44497</controlfield>
  <controlfield tag="003">BD-RjUL</controlfield>
  <controlfield tag="005">20211209053853.0</controlfield>
  <controlfield tag="008">160718s1968    bg ||||| |||| 00| 0 ben d</controlfield>
  <datafield tag="020" ind1=" " ind2=" ">
    <subfield code="c"> :Tk.2.00</subfield>
  </datafield>
  <datafield tag="035" ind1=" " ind2=" ">
    <subfield code="a">(BD-RjUL)44615</subfield>
  </datafield>
  <datafield tag="040" ind1=" " ind2=" ">
    <subfield code="a">BD-RjUL</subfield>
    <subfield code="b">ben</subfield>
    <subfield code="c">BD-RjUL</subfield>
  </datafield>
  <datafield tag="041" ind1=" " ind2=" ">
    <subfield code="a">ben</subfield>
  </datafield>
  <datafield tag="082" ind1=" " ind2=" ">
    <subfield code="2">23</subfield>
    <subfield code="a">301.32</subfield>
    <subfield code="b">JOK 1968</subfield>
  </datafield>
  <datafield tag="100" ind1=" " ind2=" ">
    <subfield code="a">&#x99C;&#x9AF;&#x9BC;, &#x99A;&#x9BE;&#x9B0;&#x9CD;&#x9B2;&#x9B8;&#x9CD;&#x200C; &#x986;&#x9B0;</subfield>
    <subfield code="9">136564</subfield>
  </datafield>
  <datafield tag="245" ind1=" " ind2=" ">
    <subfield code="a">&#x996;&#x9BE;&#x9A6;&#x9CD;&#x9AF; &#x9AC;&#x9A8;&#x9BE;&#x9AE; &#x99C;&#x9A8;&#x9B8;&#x982;&#x996;&#x9CD;&#x9AF;&#x9BE; /</subfield>
    <subfield code="c">&#x99A;&#x9BE;&#x9B0;&#x9CD;&#x9B2;&#x9B8;&#x9CD;&#x200C; &#x986;&#x9B0; &#x99C;&#x9AF;&#x9BC; ; &#x985;&#x9A8;&#x9C1;&#x9AC;&#x9BE;&#x9A6; : &#x9AE;&#x9CB;&#x9B9;&#x9BE;&#x9AE;&#x9CD;&#x9AE;&#x9A6; &#x9A8;&#x9C2;&#x9B0;&#x9C1;&#x9B2; &#x9B9;&#x995;</subfield>
  </datafield>
  <datafield tag="260" ind1=" " ind2=" ">
    <subfield code="a">&#x9A2;&#x9BE;&#x995;&#x9BE; :</subfield>
    <subfield code="b">&#x9A8;&#x9AF;&#x9BC;&#x9BE; &#x9A6;&#x9C1;&#x9A8;&#x9BF;&#x9AF;&#x9BC;&#x9BE; &#x9AA;&#x9BE;&#x9AC;&#x9B2;&#x9BF;&#x995;&#x9C7;&#x9B6;&#x9BE;&#x9A8;&#x9CD;&#x9B8;,</subfield>
    <subfield code="c">&#x9E7;&#x9EF;&#x9EC;&#x9EE;</subfield>
  </datafield>
  <datafield tag="300" ind1=" " ind2=" ">
    <subfield code="a">[&#x9EA;], &#x9EC;&#x9EA;&#x9AA;&#x9C3;. ;</subfield>
    <subfield code="c">&#x9E8;&#x9E7; &#x9B8;&#x9C7;&#x9AE;&#x9BF;.</subfield>
  </datafield>
  <datafield tag="650" ind1=" " ind2=" ">
    <subfield code="a">&#x99C;&#x9A8;&#x9B8;&#x982;&#x996;&#x9CD;&#x9AF;&#x9BE; </subfield>
    <subfield code="9">118469</subfield>
  </datafield>
  <datafield tag="650" ind1=" " ind2=" ">
    <subfield code="a">Population</subfield>
    <subfield code="9">136565</subfield>
  </datafield>
  <datafield tag="700" ind1=" " ind2=" ">
    <subfield code="a"> &#x9B9;&#x995;,  &#x9AE;&#x9CB;&#x9B9;&#x9BE;&#x9AE;&#x9CD;&#x9AE;&#x9A6; &#x9A8;&#x9C2;&#x9B0;&#x9C1;&#x9B2;, &#x985;&#x9A8;&#x9C1;&#x9AC;&#x9BE;&#x9A6;&#x995;</subfield>
    <subfield code="9">136566</subfield>
  </datafield>
  <datafield tag="942" ind1=" " ind2=" ">
    <subfield code="2">ddc</subfield>
    <subfield code="c">BK</subfield>
    <subfield code="0">1</subfield>
  </datafield>
  <datafield tag="999" ind1=" " ind2=" ">
    <subfield code="c">44497</subfield>
    <subfield code="d">44497</subfield>
  </datafield>
  <datafield tag="952" ind1=" " ind2=" ">
    <subfield code="0">0</subfield>
    <subfield code="1">0</subfield>
    <subfield code="2">ddc</subfield>
    <subfield code="4">0</subfield>
    <subfield code="7">0</subfield>
    <subfield code="8">NFIC</subfield>
    <subfield code="a">RUCL</subfield>
    <subfield code="b">RUCL</subfield>
    <subfield code="c">Stack</subfield>
    <subfield code="d">1969-01-20</subfield>
    <subfield code="e">Falguny pub: Dhaka</subfield>
    <subfield code="g">2.00</subfield>
    <subfield code="l">0</subfield>
    <subfield code="o">B 301.32 JOK 1968</subfield>
    <subfield code="r">2016-07-18 00:00:00</subfield>
    <subfield code="t">C-2</subfield>
    <subfield code="w">2016-07-18</subfield>
    <subfield code="y">BK</subfield>
  </datafield>
  <datafield tag="952" ind1=" " ind2=" ">
    <subfield code="0">0</subfield>
    <subfield code="1">0</subfield>
    <subfield code="2">ddc</subfield>
    <subfield code="4">0</subfield>
    <subfield code="7">0</subfield>
    <subfield code="8">NFIC</subfield>
    <subfield code="a">RUCL</subfield>
    <subfield code="b">RUCL</subfield>
    <subfield code="c">Stack</subfield>
    <subfield code="d">1969-01-24</subfield>
    <subfield code="e">Falguny pub,  Dhaka</subfield>
    <subfield code="g">2.00</subfield>
    <subfield code="l">1</subfield>
    <subfield code="o">B 301.32 JOK 1968</subfield>
    <subfield code="r">2017-06-03 00:00:00</subfield>
    <subfield code="s">2017-04-13</subfield>
    <subfield code="t">C-3</subfield>
    <subfield code="w">2016-08-08</subfield>
    <subfield code="y">BK</subfield>
  </datafield>
</record>
